000 01725nam a22003857i 4500
003 OSt
005 20211112213542.0
008 170401t2020 ck a br 00| m spa d
020 _a9789585253025
040 _bspa
_aCO-PeBPR
_erda
_cCO-PeBPR
041 _aspa
082 0 4 _a409.861
_bE16e
100 1 _952525
_aBañol, Yul Mery
_eautor
245 1 _aEbera bedea o el camino de la lengua Emberá
_bChi naabena kaeai. Nivel básico
_cYul Mery Bañol y otros cinco ; ilustración, diseño y diagramación Juan Eduardo Ángel ; traducción a la lengua emberá Miguel Waitiquí y otro
264 0 1 _aPereira
_bCorporación Oshún
_c2020
300 _a72 páginas
_bilustraciones,
_c25 x 25 cm
336 _atxt
_bn
_2rdacontent
337 _asin mediación
_bn
_2rdamedia
338 _avolumen
_bnc
_2rdacarrier
500 _aTexto en español y emberá
500 _aProyecto ganador Convocatoria de Estímulos 2020, Secretaría de Cultura de Pereira
650 0 _aEmbera Chami (Lengua Indigena)
_vGramática
_xEnseñanza Elemental
_933637
650 0 _aLenguas Indigenas
_zColombia
_920788
650 0 _aLibros Ilustrados Para Niños
_928154
700 1 _aOgary, Lina Erika
_eautor
_952526
700 1 _aGutiérrez, Libaniel
_eautor
_952528
700 1 _aZúñiga, Juan O.
_eautor
_952529
700 1 _aWaitiquí, Miguel
_eautor
_952530
700 1 _aÁngel, Juan Eduardo
_eilustrador
_952532
700 1 _aWaitiquí, Miguel
_etraductor
_952530
700 1 _aZúñiga, Juan O.
_etraductor
_952529
710 2 _952531
_aCorporación Oshún
_eautor
830 _952479
_aDepósito Legal - Sala de Patrimonio Bibliográfico y Documental de Risaralda
942 _2ddc
_h409.861 E16e
_k409.861
_mE16e
_cBK
999 _c16287
_d16287